Curling Olympic Winners - Statistics

General Stats
  • This quiz has been taken 54 times
  • The average score is 6 of 7
Answer Stats
Winner % Correct
Canada
100%
Great Britain
98%
Sweden
98%
United States
98%
Norway
88%
Switzerland
86%
Italy
77%
No matching quizzes found
Score Distribution
Percent of People with Each Score
Percentile by Number Answered
Your Score History
You have not taken this quiz